Deutsche Nummer-1-Hits mit J - Statistiken

Allgemein
  • Dieses Quiz wurde 46 mal gespielt
  • Das Durchschnittsergebnis liegt bei 5 aus 13
Antwortstatistiken
Jahr Textzeile Titel % Korrekt
2007 Und wie du wieder aussiehst, Löcher in der Hose, und ständig dieser Lärm Junge
86%
2009 My heart is beating like a ____ ___, baka dunka dunka duka dunka dung dung dung Jungle Drum
79%
1991 She says Hello, you fool, I love you Joyride
62%
1986 _____, quit livin' on dreams Jeanny
57%
2018 Ich sag: Pardon, es tut mir leid, ich kann dich leider nicht verstehen Je ne parle pas français
43%
1984 Wenn wir nicht fühlen, die Erde, sie weint, wie kein and'rer Planet, dann haben wir umsonst gelebt Jenseits von Eden
43%
1976 When I wake up in the morning light, I put on my jeans and I feel alright Jeans On
29%
1963 Ich mach mir Sorgen, Sorgen um dich, denk auch an morgen, denk auch an mich Junge komm bald wieder
29%
1983 I was a Romeo, I knew the art of romancing Juliet
24%
2000 We're so anxious to be together, together in death Join Me
21%
1981 __, ____ __ ___ _____ ____, dann wär' die Welt nur halb so schön Ja, wenn wir alle Englein wären
17%
1968 But it's all right now, in fact it's a gas, but it's all right, I'm _____ ___ ____, it's a gas, gas, gas Jumpin’ Jack Flash
17%
1968 Lemonade pie, with the brand new car, cantaloop eyes, come to me tonight, ___ _ ______ (___ _____) Judy in Disguise (With Glasses)
10%
Keine übereinstimmenden Quizze gefunden
Verteilung der Resultate
Anzahl Personen mit jedem Resultat
Perzentil nach korrekt beantworteten Fragen
Ihre Resultats-Entwicklung
Sie haben dieses Quiz noch nicht gespielt